Formula 1 Grid 2026 - Statistics

General Stats
  • This quiz has been taken 14 times
  • The average score is 21 of 22
Answer Stats
Hint Nation Answer % Correct
Williams 🇪🇸 Carlos Sainz
100%
Ferrari 🇲🇨 Charles Leclerc
100%
Aston Martin 🇪🇸 Fernando Alonso
100%
Mercedes 🇬🇧 George Russell
100%
Redbull 🇫🇷 Isack Hadjar
100%
Mercedes 🇮🇹 Kimi Antonelli
100%
Aston Martin 🇨🇦 Lance Stroll
100%
McLaren 🇬🇧 Lando Norris
100%
Ferrari 🇬🇧 Lewis Hamilton
100%
Redbull 🇳🇱 Max Verstappen
100%
Audi 🇩🇪 Nico Hülkenberg
100%
McLaren 🇦🇺 Oscar Piastri
100%
Alpine 🇫🇷 Pierre Gasly
100%
Cadillac 🇫🇮 Valtteri Bottas
100%
Williams 🇹🇭 Alexander Albon
92%
Alpine 🇦🇷 Franco Colapinto
92%
Cadillac 🇲🇽 Sergio Perez
92%
Racing Bulls 🇬🇧 Arvid Lindblad
83%
Haas 🇫🇷 Esteban Ocon
83%
Audi 🇧🇷 Gabriel Bortoleto
83%
Racing Bulls 🇳🇿 Liam Lawson
83%
Haas 🇬🇧 Ollie Bearman
83%
No matching quizzes found
Score Distribution
Percent of People with Each Score
Percentile by Number Answered
Your Score History
You have not taken this quiz